Loading...
| Literature - World | 2 | 6 | 0 | 0 | 90 | 34 | 105.25 | 2 | 2 | 0.00 | 0.00 |
| Literature - British | 1 | 6 | 2 | 0 | 65 | 63 | 106.14 | 1 | 4 | 0.00 | 0.00 |
| Literature - European | 3 | 3 | 3 | 1 | 60 | 34 | 103.17 | 0 | 4 | 0.00 | 0.00 |
| Literature - American | 1 | 5 | 2 | 0 | 55 | 32 | 90.00 | 0 | 3 | 0.00 | 0.00 |
| Beliefs | 0 | 3 | 1 | 1 | 25 | 101 | 114.67 | 0 | 1 | 0.00 | 0.00 |
| Social Science | 0 | 2 | 0 | 0 | 20 | 88 | 108.50 | 0 | 0 | 0.00 | 0.00 |
| History - World | 0 | 2 | 0 | 0 | 20 | 123 | 128.50 | 0 | 1 | 0.00 | 0.00 |
| Philosophy | 0 | 2 | 1 | 0 | 15 | 96 | 105.50 | 0 | 1 | 0.00 | 0.00 |
| History - Other | 0 | 1 | 0 | 0 | 10 | 101 | 101.00 | 0 | 0 | 0.00 | 0.00 |
| Other Academic | 0 | 1 | 0 | 0 | 10 | 93 | 93.00 | 0 | 0 | 0.00 | 0.00 |
| Fine Arts - Other Arts | 0 | 1 | 1 | 0 | 5 | 138 | 138.00 | 0 | 0 | 0.00 | 0.00 |
| History - European | 0 | 0 | 1 | 0 | -5 | 0.00 | 0 | 0 | 0.00 | 0.00 |